<?xml version="1.0" encoding="UTF-8"?>
<collection xmlns="http://www.loc.gov/MARC21/slim">
<record>
  <controlfield tag="001">170681</controlfield>
  <controlfield tag="005">20260429150229.0</controlfield>
  <datafield tag="037" ind1=" " ind2=" ">
    <subfield code="a">TAZ-TFG-2026-429</subfield>
  </datafield>
  <datafield tag="041" ind1=" " ind2=" ">
    <subfield code="a">spa</subfield>
  </datafield>
  <datafield tag="100" ind1="1" ind2=" ">
    <subfield code="a">Fernández Pérez, María</subfield>
  </datafield>
  <datafield tag="242" ind1="0" ind2="0">
    <subfield code="a">Evaluation of the Army's instruction management system (SIGINST) and assessment of possible improvements for daily use in small units.</subfield>
  </datafield>
  <datafield tag="245" ind1="0" ind2="0">
    <subfield code="a">Evaluación del sistema de gestión de la instrucción del Ejército de Tierra (SIGINST) y valoración de posibles mejoras de uso diario en pequeñas unidades.</subfield>
  </datafield>
  <datafield tag="260" ind1=" " ind2=" ">
    <subfield code="a">Zaragoza</subfield>
    <subfield code="b">Universidad de Zaragoza</subfield>
    <subfield code="c">2026</subfield>
  </datafield>
  <datafield tag="506" ind1=" " ind2=" ">
    <subfield code="a">by-nc-sa</subfield>
    <subfield code="b">Creative Commons</subfield>
    <subfield code="c">3.0</subfield>
    <subfield code="u">http://creativecommons.org/licenses/by-nc-sa/3.0/</subfield>
  </datafield>
  <datafield tag="520" ind1=" " ind2=" ">
    <subfield code="a">En las pequeñas unidades (ej. Compañías) presentan problemas de limitación de conectividad que retrasan el registro de las actividades de instrucción, adiestramiento y evaluación. Esta limitación de conectividad provoca la dependencia de la red para poder cargar datos o actualizar el sistema. A ello se suma que, a pesar de los avances, los procesos de programación y registro siguen suponiendo una carga administrativa significativa. Igualmente, se observa la necesidad de mejorar la usabilidad de la herramienta y de integrar nuevas funcionalidades, como la gestión de grupos de actividades formativas, evaluaciones o guías de instrucción, que faciliten un uso más ágil y completo del sistema. &lt;br />En este sentido, el trabajo tiene como finalidad: modernizar y facilitar la gestión de la instrucción, el adiestramiento y la evaluación (IAE) en el Ejército de Tierra a través del Sistema de Gestión de la Instrucción (SIGINST). Se pretende asegurar el registro oficial, la programación, el control y la evaluación de todas las actividades de instrucción realizadas a nivel de pequeñas unidades como compañías, contribuyendo así a un sistema más eficiente y homogéneo en su aplicación. Asimismo, se busca reducir la carga de trabajo asociada a la anotación y gestión de actividades, integrando tanto la documentación oficial como la particular de cada unidad y favoreciendo la implantación definitiva del sistema SIAE mediante la normalización de criterios de evaluación. &lt;br />Un aspecto complementario será la formación de gestores y usuarios, de modo que puedan emplear y difundir eficazmente el SIGINST en sus respectivos ámbitos.&lt;br />&lt;br /></subfield>
  </datafield>
  <datafield tag="521" ind1=" " ind2=" ">
    <subfield code="a">Ingeniero Industrial</subfield>
  </datafield>
  <datafield tag="540" ind1=" " ind2=" ">
    <subfield code="a">Derechos regulados por licencia Creative Commons</subfield>
  </datafield>
  <datafield tag="856" ind1="0" ind2=" ">
    <subfield code="f">861587@celes.unizar.es</subfield>
  </datafield>
  <datafield tag="856" ind1="4" ind2=" ">
    <subfield code="s">13981695</subfield>
    <subfield code="u">http://zaguan.unizar.es/record/170681/files/TAZ-TFG-2026-429.pdf</subfield>
    <subfield code="y">Memoria (spa)</subfield>
  </datafield>
  <datafield tag="909" ind1="C" ind2="O">
    <subfield code="o">oai:zaguan.unizar.es:170681</subfield>
    <subfield code="p">driver</subfield>
    <subfield code="p">tfg-tfm-cud</subfield>
    <subfield code="p">trabajos-fin-grado</subfield>
  </datafield>
  <datafield tag="950" ind1=" " ind2=" ">
    <subfield code="a"></subfield>
  </datafield>
  <datafield tag="691" ind1=" " ind2=" ">
    <subfield code="a">0</subfield>
  </datafield>
  <datafield tag="692" ind1=" " ind2=" ">
    <subfield code="a"></subfield>
  </datafield>
  <datafield tag="700" ind1=" " ind2=" ">
    <subfield code="a">López Galán, Belinda</subfield>
    <subfield code="e">dir.</subfield>
  </datafield>
  <datafield tag="710" ind1="2" ind2=" ">
    <subfield code="a">Universidad de Zaragoza</subfield>
    <subfield code="b"> </subfield>
    <subfield code="c"></subfield>
  </datafield>
  <datafield tag="980" ind1=" " ind2=" ">
    <subfield code="a">TAZ</subfield>
    <subfield code="b">TFG</subfield>
    <subfield code="c">CUD</subfield>
  </datafield>
  <datafield tag="999" ind1=" " ind2=" ">
    <subfield code="a">20260319205619.CREATION_DATE</subfield>
  </datafield>
  <datafield tag="951" ind1=" " ind2=" ">
    <subfield code="a">deposita:2026-04-29</subfield>
  </datafield>
</record>
</collection>